| 000 | 00796pab a2200169 454500 | ||
|---|---|---|---|
| 008 | 180718b2004 xxu||||| |||| 00| 0 eng d | ||
| 100 | _aBhagwat, Vishnu | ||
| 245 | _aGlobal oil resources and India's energy strategy | ||
| 260 | _c2004 | ||
| 300 | _ap.60-66. | ||
| 362 | _aOct-Dec | ||
| 520 | _aThe world's dwinding petroleum and gas reserves are a bone of contention among the great powers. Confronted by the aggressive military and economic strategy of the USA and its closest allies, India like China, must secure its energy sources through agreements with oil producing countries, especially Russia and other neighbours in Central Asia and the Middle East. - Reproduced. | ||
| 650 | _aEnergy resources - India | ||
| 650 | _aEnergy resources | ||
| 773 | _aWorld Affairs | ||
| 909 | _a64559 | ||
| 999 |
_c64559 _d64559 |
||